书目信息 |
| 题名: |
现代中医理论与临床应用
|
|
| 作者: | 付玉凤 主编 | |
| 分册: | 下册 | |
| 出版信息: | 长春 吉林科学技术出版社 2017 |
|
| 页数: | 2册 (281-533页) | |
| 开本: | 26cm | |
| 丛书名: | ||
| 单 册: | ||
| 中图分类: | R22 | |
| 科图分类: | ||
| 主题词: | 中医医学基础--zhong yi yi xue ji chu , 中医临床--zhong yi lin chuang | |
| 电子资源: | ||
| ISBN: | 978-7-5578-3301-5 | |
| 000 | 00942nam0 2200265 45 | |
| 001 | 012001002266 | |
| 005 | 20191121142652.04 | |
| 010 | @a978-7-5578-3301-5@dCNY68.00 | |
| 099 | @aCAL 012018122841 | |
| 100 | @a20181008d2017 em y0chiy50 ea | |
| 101 | 0 | @achi |
| 102 | @aCN@b220000 | |
| 105 | @ak a 000yy | |
| 106 | @ar | |
| 200 | 1 | @a现代中医理论与临床应用@Axian dai zhong yi li lun yu lin chuang ying yong@h下册@f付玉凤等主编 |
| 210 | @a长春@c吉林科学技术出版社@d2017 | |
| 215 | @a2册 (281-533页)@d26cm | |
| 320 | @a有书目 (第533页) | |
| 330 | @a本书介绍了中医关于生理、病理、病因、基本病症、诊断、治疗等方面的基础知识,并详细介绍了临床各种常见疾病的症状及辩证治疗方法, 以期对读者有所帮助和启发。 | |
| 606 | 0 | @a中医医学基础@Azhong yi yi xue ji chu |
| 606 | 0 | @a中医临床@Azhong yi lin chuang |
| 690 | @aR22@v5 | |
| 701 | 0 | @a付玉凤@Afu yu feng@4主编 |
| 801 | 0 | @aCN@b北京卓展@c20191020 |
| 905 | @b1205066-8@dR22@e507:2@f3 | |
| 现代中医理论与临床应用.下册/付玉凤等主编.-长春:吉林科学技术出版社,2017 |
| 2册 (281-533页);26cm |
| ISBN 978-7-5578-3301-5:CNY68.00 |
| 本书介绍了中医关于生理、病理、病因、基本病症、诊断、治疗等方面的基础知识,并详细介绍了临床各种常见疾病的症状及辩证治疗方法, 以期对读者有所帮助和启发。 |
| ● |
| 相关链接 |
|
|
|
|
正题名:现代中医理论与临床应用
索取号:R22/507:2
 
预约/预借
| 序号 | 登录号 | 条形码 | 馆藏地/架位号 | 状态 | 备注 |
| 1 | 1205066 | 212050661 | 第二样本阅览室/ [索取号:R22/507:2] | 在馆 | |
| 2 | 1205067 | 212050670 | 第三借阅区/ [索取号:R22/507:2] | 在馆 | |
| 3 | 1205068 | 212050689 | 第三借阅区/ [索取号:R22/507:2] | 在馆 |